000 00394nam a22001577a 4500
020 _a851202608
082 _a346.0668ktn
100 _aKNIGHT W.J.L
245 _aTHE ACQUSITION OF PRIVATE COMPANIES
260 _aLONDON
_bOYEZ PUBLISHING
_c1975
300 _axvi,153p
_bill;23cm
500 _ainclude,index
650 _athe acquesition of private companies
700 _akerr
942 _cBK
999 _c17117
_d17117